|
|
|
|
| LEADER |
00855nab a2200217 i 4500 |
| 001 |
misc62866 |
| 005 |
20221012122639.0 |
| 008 |
220519s1936 hu o 0|| fre d |
| 040 |
|
|
|a SZTE Miscellanea Repozitórium
|b hun
|
| 041 |
|
|
|a fre
|
| 100 |
1 |
|
|a Kotwicz Wladyslaw
|
| 245 |
1 |
0 |
|a Quelques mots encore sur les lettres des il-khans de Perse
|h [elektronikus dokumentum] :
|b retrouvées par Abel-Rémusat /
|c Kotwicz Wladyslaw
|
| 260 |
|
|
|c 1936
|
| 300 |
|
|
|a 22 p.
|c 22 cm
|
| 561 |
|
|
|a Németh Gyula hagyaték
|
| 591 |
|
|
|a NOA 2907; NOA 2908
|
| 650 |
|
4 |
|a Bölcsészettudományok
|
| 650 |
|
4 |
|a Nyelvek és irodalom
|
| 695 |
|
|
|a Jean-Pierre Abel-Rémusat, Mongol nyelvemlék - 14. sz.
|
| 856 |
4 |
0 |
|u http://misc.bibl.u-szeged.hu/62866/1/2908_noa_k75.pdf
|z Dokumentum-elérés
|
| 856 |
4 |
0 |
|u http://misc.bibl.u-szeged.hu/62866/2/2907_noa_k75.pdf
|z Dokumentum-elérés
|